[Event "AUTO-ELITE-379"]
[Site "http://www.queenalice.com/game.php?id=707882"]
[Date "2010.1.3"]
[Round "2"]
[White "micoprego"]
[Black "biscuter"]
[Result "1/2-1/2"]
[WhiteElo "2396"]
[BlackElo "2450"]

1. d4 d5 2. c4 c6 3. cxd5 cxd5 4. Nc3 Nc6 5. e4 Nf6 6. exd5 Nxd5 7. Nf3 Bg4 8.
Be2 e6 9. O-O Bb4 10. Bg5 Qa5 11. Nxd5 Qxd5 12. a3 Bd6 13. Be3 O-O 14. Rc1 Rfd8
15. h3 Bh5 16. Bc4 Qa5 17. Be2 Rac8 18. Qb3 Qc7 19. Rfd1 Qe7 20. Qb5 Bg6 21. Ne5
Be4 22. Bh5 a6 23. Qa4 g6 24. Bf3 Bxf3 25. Nxf3 Qd7 26. Qb3 b5 27. Bg5 Na5 28.
Qd3 Rxc1 29. Rxc1 Rc8 30. Rd1 Nc4 31. Qe2 Qb7 32. Ne5 Qd5 33. Bf6 Bf8 34. Nd3
Bg7 35. Bxg7 Kxg7 36. Nb4 Qd6 37. d5 exd5 38. Rxd5 Qf6 39. b3 Nb6 40. Rd1 a5 41.
Na6 Nc4 42. bxc4 bxc4 43. Nb8 Rxb8 44. Qxc4 Rb2 1/2-1/2

[Event "AUTO-ADV-1152"]
[Site "http://www.queenalice.com/game.php?id=724599"]
[Date "2010.2.2"]
[Round "3"]
[White "micoprego"]
[Black "linluciano"]
[Result "1-0"]
[WhiteElo "2374"]
[BlackElo "1762"]

1. e4 e5 2. Nf3 Nc6 3. Bb5 a6 4. Ba4 Nf6 5. Nc3 d5 6. Nxe5 Qd6 7. Nxc6 bxc6 8.
Qe2 Bb7 9. e5 Qe6 10. exf6 Qxe2+ 11. Nxe2 gxf6 12. O-O Bg7 13. d4 1-0

[Event "AUTO-ADV-1152"]
[Site "http://www.queenalice.com/game.php?id=724600"]
[Date "2010.2.2"]
[Round "3"]
[White "linluciano"]
[Black "micoprego"]
[Result "0-1"]
[WhiteElo "1764"]
[BlackElo "2373"]

1. e4 Nf6 2. Nc3 d5 3. e5 Nfd7 4. d4 c5 5. Nf3 e6 6. Bb5 a6 7. Bxd7+ Bxd7 8. O-O
cxd4 9. Nxd4 Nc6 10. Nxc6 Bxc6 11. f3 Bc5+ 12. Kh1 O-O 0-1

[Event "AUTO-ELITE-424"]
[Site "http://www.queenalice.com/game.php?id=738763"]
[Date "2010.2.28"]
[Round "2"]
[White "micoprego"]
[Black "Cevapcic"]
[Result "0-1"]
[WhiteElo "2398"]
[BlackElo "2481"]

1. d4 d5 2. c4 c6 3. cxd5 cxd5 4. Nc3 Nf6 5. Nf3 a6 6. Bf4 Nc6 7. e3 Bf5 8. Qb3
Na5 9. Qd1 Qb6 10. Bd3 Qxb2 11. O-O Bxd3 12. Qxd3 e6 13. Rac1 Qa3 14. Qc2 Nc4
15. e4 Nb6 16. Nb1 Qb4 17. Nbd2 dxe4 18. Nxe4 Nfd5 19. Be5 f6 20. Bg3 Qa4 21.
Qb1 Qb5 22. Nc5 Qxb1 23. Rxb1 Kf7 24. Nxb7 Be7 25. Nd6+ Bxd6 26. Bxd6 Rhc8 27.
Bc5 Rab8 28. Bd6 Rb7 29. Bc5 Rcc7 30. Nd2 Na4 31. Ne4 Rxb1 32. Rxb1 Nxc5 33.
dxc5 Ke7 34. Rc1 f5 35. Nd2 Nb4 36. Rc4 Rd7 37. Nf1 Nxa2 38. g4 g6 39. gxf5 gxf5
40. Ng3 Rc7 41. Ne2 a5 42. Ra4 Nb4 43. Rxa5 Nd3 44. c6 Kf6 45. Ra3 Nb4 46. f4
Rxc6 47. Rh3 Kg6 48. Rg3+ Kf6 49. Rh3 Nd5 50. Rxh7 Rc4 51. Rh6+ Kf7 52. Kg2
Nxf4+ 53. Nxf4 Rxf4 54. h4 Re4 55. h5 Re3 56. Rg6 Ra3 57. Rh6 f4 58. Rg6 e5 59.
Rg5 Kf6 60. Rg8 Ra2+ 61. Kg1 Ra7 62. h6 Rh7 63. Rf8+ Kg5 64. Kf2 Rxh6 65. Kf3
Rh3+ 66. Kg2 Rb3 67. Kf2 Kg4 68. Rg8+ Kf5 69. Rf8+ Ke4 70. Ra8 Rb2+ 71. Ke1 f3
72. Re8 Kf4 73. Rf8+ Ke3 0-1

[Event "AUTO-ELITE-424"]
[Site "http://www.queenalice.com/game.php?id=738764"]
[Date "2010.2.28"]
[Round "2"]
[White "Cevapcic"]
[Black "micoprego"]
[Result "1-0"]
[WhiteElo "2487"]
[BlackElo "2388"]

1. d4 d5 2. c4 dxc4 3. e3 Nf6 4. Bxc4 e6 5. Nf3 a6 6. O-O c5 7. Qe2 b5 8. Bb3
Bb7 9. Nc3 Nbd7 10. Rd1 Bd6 11. e4 cxd4 12. Rxd4 Bc5 13. Rd3 Ng4 14. Bg5 Qc7 15.
Bh4 Nde5 16. Nxe5 Nxe5 17. Bg3 O-O 18. Rad1 Rae8 19. R3d2 f6 20. Kh1 Qb6 21. h3
Bc8 22. Qh5 Kh8 23. Bxe5 fxe5 24. f3 Be3 25. Rd3 Bd4 26. Ne2 Bxb2 27. R3d2 Ba3
28. Qxe5 Bb4 29. Rd3 Be7 30. Nf4 Qc5 31. Qxc5 Bxc5 32. Ne2 e5 33. Kh2 Rf6 34.
Rd8 Rxd8 35. Rxd8+ Rf8 36. Rd5 Bb6 37. a4 bxa4 38. Bxa4 Rf7 39. Ng3 Re7 40. Rd6
Re6 41. Rd1 g6 42. Ne2 a5 43. Nc3 Ba6 44. Nd5 Bd4 45. Rc1 h5 46. Kg3 g5 47. Rc7
Bf1 48. Ne7 Bb6 49. Rc8+ Kh7 50. Nf5 Ba6 51. Rc1 Bb7 52. Bd7 Rf6 53. Be8 h4+ 54.
Kg4 Re6 55. Bb5 Rg6 56. Rd1 Bc8 57. Bd7 Bxd7 58. Rxd7+ Kh8 59. Re7 Bd4 60. Nxd4
exd4 61. Ra7 d3 62. Rxa5 Rd6 63. Ra1 Kh7 64. e5 Rd7 65. e6 Rd5 66. e7 Re5 67.
Rd1 Rxe7 68. Rxd3 Re2 69. Kxg5 Rxg2+ 70. Kxh4 Kg6 71. Rd8 Kf7 72. Rd4 Kf6 73.
Rg4 Rh2 74. Kg3 Rb2 75. h4 1-0

[Event "AUTO-ELITE-424"]
[Site "http://www.queenalice.com/game.php?id=738765"]
[Date "2010.2.28"]
[Round "2"]
[White "micoprego"]
[Black "Plis"]
[Result "1-0"]
[WhiteElo "2339"]
[BlackElo "2433"]

1. d4 d5 2. c4 c6 3. Nf3 e6 4. Nc3 dxc4 5. a4 Bb4 6. e3 b5 7. Bd2 Qb6 8. Ne4 Na6
9. Bxb4 Nxb4 10. Be2 a5 11. O-O Nf6 12. Nxf6+ gxf6 13. e4 Qb8 14. Qd2 h6 15.
Rfb1 Bd7 16. b3 cxb3 17. Rxb3 bxa4 18. Rc3 h5 19. Rc5 h4 20. h3 Bc8 21. Rxa4 Qb6
22. Qc1 1-0

[Event "AUTO-ELITE-424"]
[Site "http://www.queenalice.com/game.php?id=738766"]
[Date "2010.2.28"]
[Round "2"]
[White "Plis"]
[Black "micoprego"]
[Result "0-1"]
[WhiteElo "2435"]
[BlackElo "2362"]

1. e4 Nf6 2. e5 Nd5 3. d4 d6 4. Nf3 g6 5. exd6 cxd6 6. Bb5+ Nc6 7. c4 Nb6 8. d5
a6 9. Bxc6+ bxc6 10. Qd4 Rg8 11. dxc6 Bg7 12. Qh4 Bf6 13. Ng5 Qc7 14. Qxh7 Rf8
15. Qh6 Rh8 16. Nh7 Kd8 17. Nc3 Qxc6 18. O-O Nxc4 19. Rd1 Be5 20. Bg5 f6 21.
Bxf6 Bxf6 22. Qxg6 Bxc3 23. bxc3 Bb7 24. f3 Kc7 0-1

[Event "AUTO-MASTER-867"]
[Site "http://www.queenalice.com/game.php?id=740285"]
[Date "2010.3.3"]
[Round "2"]
[White "micoprego"]
[Black "Gastaodacunha"]
[Result "1/2-1/2"]
[WhiteElo "2339"]
[BlackElo "2241"]

1. d4 d5 2. c4 e6 3. cxd5 exd5 4. Nc3 c6 5. Nf3 Be7 6. e4 dxe4 7. Nxe4 Nf6 8.
Nxf6+ Bxf6 9. Bd3 O-O 10. Qc2 g6 11. Be3 Nd7 12. O-O Bg7 13. Rfe1 Nb6 14. Bg5
Bf6 15. Bxf6 Qxf6 16. a4 Be6 17. a5 Nd5 18. a6 Nb4 19. Qc3 Nxd3 20. axb7 Nxe1
21. bxa8=Q Rxa8 22. Nxe1 Bd5 23. Nc2 Re8 1/2-1/2

[Event "AUTO-MASTER-867"]
[Site "http://www.queenalice.com/game.php?id=740286"]
[Date "2010.3.3"]
[Round "2"]
[White "Gastaodacunha"]
[Black "micoprego"]
[Result "0-1"]
[WhiteElo "2213"]
[BlackElo "2354"]

1. e4 Nf6 2. Nc3 d5 3. exd5 Nxd5 4. Bc4 e6 5. Nge2 Nc6 6. O-O Bd6 7. d3 O-O 8.
Ne4 Be7 9. Kh1 Na5 10. Bb3 Nxb3 11. axb3 c5 12. N2g3 f5 13. Nc3 f4 14. Nge4 Nb4
15. f3 b6 16. Bd2 e5 17. Nb5 Nc6 18. Nbc3 Bb7 19. Nb5 a6 20. Na3 b5 21. Nb1 Rc8
22. Nbc3 Nd4 23. Ne2 Nf5 24. Qc1 Rc6 25. Ba5 Qe8 26. N2c3 Rh6 27. Ne2 Qg6 28.
Nf2 Ng3+ 29. Nxg3 Rxh2+ 30. Kxh2 Qxg3+ 31. Kh1 Bxf3 0-1

[Event "AUTO-MASTER-867"]
[Site "http://www.queenalice.com/game.php?id=740287"]
[Date "2010.3.3"]
[Round "2"]
[White "micoprego"]
[Black "GMcruz"]
[Result "1-0"]
[WhiteElo "2341"]
[BlackElo "2024"]

1. e4 e6 2. d4 d5 3. exd5 exd5 4. Nf3 Nf6 5. Bd3 Be7 6. O-O O-O 7. Be3 Bg4 8.
Nbd2 Nc6 9. c3 Re8 10. Qc2 h6 11. Ne5 Nxe5 12. dxe5 Nd7 13. f3 Be6 14. f4 Bc5
15. Bd4 Bxd4+ 16. cxd4 Nf8 17. f5 Bc8 18. Nb3 Qg5 19. Rf3 c6 20. Rg3 Qh4 21. Rf1
a5 22. Qd2 a4 23. Rf4 Qh5 24. Be2 1-0

[Event "AUTO-MASTER-867"]
[Site "http://www.queenalice.com/game.php?id=740288"]
[Date "2010.3.3"]
[Round "2"]
[White "GMcruz"]
[Black "micoprego"]
[Result "0-1"]
[WhiteElo "2030"]
[BlackElo "2336"]

1. d4 d5 2. c4 dxc4 3. Nf3 a6 4. e4 c5 5. Bxc4 cxd4 6. O-O Nc6 7. Bd5 e6 8.
Bxc6+ bxc6 9. Qxd4 Qxd4 10. Nxd4 Nf6 11. Nc3 Bb7 12. f3 Bb4 13. Be3 c5 14. Nde2
Nd7 15. Rfd1 Rc8 16. Rd6 c4 17. Rd2 Ne5 18. Bd4 Nd3 19. Bxg7 Rg8 20. Bd4 f5 21.
b3 fxe4 22. fxe4 e5 23. Be3 Nf4 24. Bxf4 exf4 25. a3 f3 26. axb4 Rxg2+ 27. Kh1
cxb3 28. Rd4 b2 29. Rb1 Rxe2 30. Na4 Rcc2 31. Nc5 Rxh2+ 32. Kg1 Rcg2+ 0-1

[Event "AUTO-MASTER-867"]
[Site "http://www.queenalice.com/game.php?id=740289"]
[Date "2010.3.3"]
[Round "2"]
[White "micoprego"]
[Black "edsDr23"]
[Result "0-1"]
[WhiteElo "2358"]
[BlackElo "2192"]

1. e4 Nf6 2. Nc3 d6 3. Nf3 Nc6 4. Bb5 a6 5. Ba4 g6 6. O-O Bg7 7. d4 O-O 8. Bxc6
bxc6 9. e5 Nd5 10. Ne4 Bg4 11. Neg5 f6 12. h3 Bf5 13. g4 Bd7 14. Ne4 f5 15. Ned2
fxg4 16. Ng5 h6 17. e6 hxg5 18. exd7 Qxd7 19. Qxg4 Qxg4+ 20. hxg4 Rf4 21. f3
Bxd4+ 22. Kh2 Ne3 23. Re1 Nxc2 24. Rxe7 Nxa1 25. Rxc7 Re8 26. Rxc6 Re2+ 27. Kh3
Rf7 28. Rc8+ Kg7 29. Rc6 Be5 0-1

[Event "AUTO-MASTER-867"]
[Site "http://www.queenalice.com/game.php?id=740290"]
[Date "2010.3.3"]
[Round "2"]
[White "edsDr23"]
[Black "micoprego"]
[Result "1-0"]
[WhiteElo "2174"]
[BlackElo "2376"]

1. Nf3 d5 2. c4 c6 3. d4 Nf6 4. Nc3 dxc4 5. a4 Bf5 6. e3 e6 7. Bxc4 Bb4 8. O-O
a5 9. Qe2 O-O 10. e4 Bg6 11. Bg5 h6 12. Bh4 Qc7 13. Bxf6 gxf6 14. Nh4 Qe7 15.
Nxg6 fxg6 16. Qg4 Kh7 17. Bxe6 Re8 18. d5 Na6 19. Ne2 Nc5 20. Nf4 Qg7 21. Rfd1
Nxe4 22. dxc6 bxc6 23. Rd7 Re7 24. Rxe7 Bxe7 25. Nxg6 Ng5 26. Bf5 Kg8 27. h4 Kf7
28. Qc4+ 1-0

[Event "AUTO-OPEN-1456"]
[Site "http://www.queenalice.com/game.php?id=747638"]
[Date "2010.3.17"]
[Round "3"]
[White "micoprego"]
[Black "cunha"]
[Result "0-1"]
[WhiteElo "2341"]
[BlackElo "2676"]

1. d4 Nf6 2. c4 e6 3. Nc3 Bb4 4. e3 O-O 5. Nf3 d5 6. Bd3 c5 7. O-O dxc4 8. Bxc4
cxd4 9. Nxd4 Bd7 10. Qb3 Qe7 11. Nc2 a5 12. Rd1 Nc6 13. Be2 e5 14. Nxb4 axb4 15.
Nd5 Nxd5 16. Qxd5 Rfd8 17. Qe4 g6 18. Bf1 b3 19. a4 Be6 20. Qf3 e4 21. Qe2 Rxd1
22. Qxd1 Rd8 23. Qe1 Qd7 24. Be2 Ne5 25. Qf1 Qc7 26. h3 Qc2 27. Kh2 Bc4 28. Bxc4
Nxc4 29. Qe1 Rd1 30. Qc3 Qxc3 31. bxc3 b2 32. Bxb2 Nxb2 0-1

[Event "AUTO-OPEN-1456"]
[Site "http://www.queenalice.com/game.php?id=747639"]
[Date "2010.3.17"]
[Round "3"]
[White "cunha"]
[Black "micoprego"]
[Result "1-0"]
[WhiteElo "2675"]
[BlackElo "2343"]

1. e4 Nf6 2. e5 Nd5 3. d4 d6 4. Nf3 dxe5 5. Nxe5 Nd7 6. Nf3 c5 7. Be2 Qa5+ 8.
Bd2 Qb6 9. Nc3 e6 10. Nxd5 exd5 11. O-O cxd4 12. Re1 Nf6 13. Bb5+ Kd8 14. a4 Bd6
15. Nxd4 a6 16. Be2 Re8 17. Nb3 Qc7 18. g3 Be5 19. c4 Bxb2 20. Ra2 Be5 21. cxd5
Bd7 22. Rc2 Qb8 23. Nc5 Bf5 24. Bd3 Bxd3 25. Nxd3 Bd6 26. Bg5 Rxe1+ 27. Qxe1 h6
28. Bxf6+ gxf6 29. Qe4 b5 30. Nb4 Bxb4 31. Qxb4 Qe5 32. Qf8+ Kd7 33. Qxf7+ Kd8
34. Rc1 Rb8 35. axb5 axb5 36. Qa7 Rc8 37. Qb6+ Kd7 38. Qe6+ 1-0

[Event "AUTO-OPEN-1797"]
[Site "http://www.queenalice.com/game.php?id=760369"]
[Date "2010.4.13"]
[Round "2"]
[White "micoprego"]
[Black "boydelta"]
[Result "1-0"]
[WhiteElo "2392"]
[BlackElo "2084"]

1. e4 d6 2. d4 g6 3. c4 Bg7 4. Nc3 Nf6 5. f4 O-O 6. Nf3 Nbd7 7. Be2 c5 8. e5 Ne8
9. O-O cxd4 10. Qxd4 Nc7 11. Rd1 Qe8 12. Be3 Kh8 13. Nd5 Ne6 14. Qc3 b6 15. Nd4
Nxd4 16. Bxd4 dxe5 17. fxe5 Rb8 18. Nc7 Qd8 19. Nb5 e6 20. Nxa7 Bb7 21. Qg3 Qe7
22. Nb5 Nc5 23. Rf1 Ne4 24. Qe3 Nc5 25. Rad1 Bc6 26. Nd6 Nd7 27. Bf3 Bxf3 28.
Rxf3 Kg8 29. Nb5 Rbc8 30. b3 Nc5 31. Nd6 Rc6 32. Rdf1 f5 33. exf6 Bxf6 34. Bxf6
Qxd6 35. Be5 1-0

[Event "AUTO-OPEN-1797"]
[Site "http://www.queenalice.com/game.php?id=760370"]
[Date "2010.4.13"]
[Round "2"]
[White "boydelta"]
[Black "micoprego"]
[Result "0-1"]
[WhiteElo "2126"]
[BlackElo "2395"]

1. d4 c6 2. c4 d5 3. Nc3 dxc4 4. a4 e5 5. e3 exd4 6. exd4 Be6 7. Nf3 Bb4 8. Be3
Ne7 9. Be2 O-O 10. O-O Nd7 11. Ng5 Bd5 12. Qc2 Nf6 13. Na2 Bd6 14. Bxc4 Qc7 15.
h3 h6 16. Bxd5 Nexd5 17. Nf3 Rfe8 18. Rfe1 c5 19. Rac1 Nxe3 20. fxe3 Rac8 21.
Re2 a6 22. Nc3 Re7 23. d5 Rce8 24. e4 c4 25. Rd1 Bc5+ 26. Kf1 Nh5 27. d6 Ng3+
28. Ke1 Bxd6 29. Re3 Bf4 30. Re2 f5 31. Nd2 Qc5 32. Nf3 Nxe2 33. Kxe2 fxe4 34.
Nd4 Rf8 35. b4 Qh5+ 0-1

[Event "AUTO-MASTER-899"]
[Site "http://www.queenalice.com/game.php?id=781071"]
[Date "2010.5.26"]
[Round "2"]
[White "Lucioamorim"]
[Black "micoprego"]
[Result "0-1"]
[WhiteElo "2134"]
[BlackElo "2380"]

1. d4 d5 2. c4 e6 3. Nc3 Nf6 4. Bg5 Be7 5. Nf3 O-O 6. e3 b6 7. cxd5 exd5 8. Rc1
Be6 9. Bd3 c5 10. O-O c4 11. Bb1 Nc6 12. Re1 Rc8 13. h3 h6 14. Bh4 Qc7 15. Qc2
Rfd8 16. e4 Nb4 17. Qe2 dxe4 18. Nxe4 Nh5 19. Bxe7 Qxe7 20. Qd2 Nd5 21. Nc3 Nxc3
22. bxc3 Qd6 23. Ne5 b5 24. Rcd1 Nf6 25. f4 b4 26. cxb4 c3 27. Qc2 Qxb4 28. f5
Bd7 29. Nxd7 Rxd7 30. Qf2 Rc4 31. d5 Rc5 32. Re5 Rdxd5 33. Rexd5 Rxd5 34. Rxd5
Qxb1+ 0-1

[Event "AUTO-MASTER-899"]
[Site "http://www.queenalice.com/game.php?id=781072"]
[Date "2010.5.26"]
[Round "2"]
[White "micoprego"]
[Black "Lucioamorim"]
[Result "1-0"]
[WhiteElo "2376"]
[BlackElo "2126"]

1. d4 Nf6 2. c4 g6 3. Nc3 Bg7 4. e4 d6 5. Nf3 O-O 6. Be2 e5 7. dxe5 dxe5 8. O-O
c6 9. Nxe5 Qxd1 10. Rxd1 Nxe4 11. Nxe4 Bxe5 12. Bh6 Bg7 13. Bxg7 Kxg7 14. Nd6
Na6 15. Bf3 Rb8 16. Re1 Be6 17. Rad1 Rfd8 18. Rd2 Rd7 19. Rxe6 Rbd8 20. Re8 1-0

[Event "AUTO-MASTER-899"]
[Site "http://www.queenalice.com/game.php?id=781073"]
[Date "2010.5.26"]
[Round "2"]
[White "trompmaster"]
[Black "micoprego"]
[Result "0-1"]
[WhiteElo "2095"]
[BlackElo "2389"]

1. e4 Nf6 2. d3 e5 3. Nf3 Nc6 4. c3 d5 5. Nbd2 Be7 6. Be2 a5 7. b3 O-O 8. O-O b6
9. a3 Qd7 10. Rb1 Ba6 11. b4 axb4 12. axb4 b5 13. Ba3 Nh5 14. Nxe5 Nxe5 15. Bxh5
Bb7 16. Ra1 Nxd3 17. exd5 Bxd5 18. Bf3 Qf5 19. Bxd5 Qxd5 20. Qf3 Qxf3 21. Nxf3
Bf6 22. Nd4 Bxd4 23. cxd4 Rad8 24. Rfd1 Rxd4 25. Bb2 Rd5 26. Bc3 Rfd8 27. Rdb1
f6 28. g3 R8d6 29. Ra8+ Kf7 30. Ra7 Rc6 31. Bd2 Rc4 32. Rb7 Kg6 33. f4 h5 34.
Rb8 Rc2 35. Be3 c6 36. Rb7 Nxb4 37. f5+ Kh7 38. Rf1 Re5 0-1

[Event "AUTO-MASTER-899"]
[Site "http://www.queenalice.com/game.php?id=781074"]
[Date "2010.5.26"]
[Round "2"]
[White "micoprego"]
[Black "trompmaster"]
[Result "1-0"]
[WhiteElo "2385"]
[BlackElo "2120"]

1. d4 d6 2. c4 Nf6 3. Nc3 Nbd7 4. e4 e5 5. Nf3 Be7 6. Be2 O-O 7. O-O c6 8. Qc2
Qc7 9. Rd1 Re8 10. a3 Bf8 11. Be3 g6 12. d5 c5 13. Nb5 Qd8 14. Nd2 a6 15. Nc3
Bg7 16. Bg5 h6 17. Bh4 Qe7 18. b4 b6 19. Rab1 Qf8 20. bxc5 bxc5 21. Qa4 g5 22.
Bg3 Nb8 23. Rb2 Bd7 24. Qa5 Bc8 25. Nb5 Re7 26. Nxd6 Nbd7 27. Nf1 Ra7 28. Ne3
Nxe4 29. Nxe4 f5 30. Nxc5 Nxc5 31. d6 Rf7 32. Qxc5 Be6 33. Bxe5 1-0

[Event "Challenge"]
[Site "http://www.queenalice.com/game.php?id=803426"]
[Date "2010.7.14"]
[Round "-"]
[White "GM_Maicon_2851"]
[Black "micoprego"]
[Result "0-1"]
[WhiteElo "2212"]
[BlackElo "2399"]

1. d4 e6 2. e4 d5 3. Nc3 dxe4 4. Nxe4 Nf6 5. Bg5 Be7 6. Bxf6 Bxf6 7. Nf3 O-O 8.
Qd2 Nd7 9. O-O-O Be7 10. Bd3 c5 11. dxc5 Nxc5 12. Nxc5 Qc7 13. Ne4 b6 14. Neg5
h6 15. Ne4 Bb7 16. Kb1 Rfd8 17. Qe3 Rac8 0-1

[Event "AUTO-OPEN-1797"]
[Site "http://www.queenalice.com/game.php?id=833776"]
[Date "2010.9.16"]
[Round "3"]
[White "josekasparov"]
[Black "micoprego"]
[Result "0-1"]
[WhiteElo "2285"]
[BlackElo "2403"]

1. d4 d5 2. c4 dxc4 3. Nf3 e6 4. Nc3 a6 5. a4 Nc6 6. e4 Na5 7. Be3 Nf6 8. Ne5
Bb4 9. Qf3 O-O 10. Bxc4 c5 11. Rd1 cxd4 12. Bxd4 Qc7 13. Ba2 Bd6 14. Nc4 Nxc4
15. Bxf6 Nxb2 16. Rxd6 Qxd6 17. Qg4 Nd3+ 18. Kf1 g6 19. g3 e5 20. Qg5 Bh3+ 21.
Ke2 Rac8 22. Nd5 Rc2+ 23. Kxd3 Rfc8 24. Bxe5 Qa3+ 0-1

[Event "AUTO-OPEN-1797"]
[Site "http://www.queenalice.com/game.php?id=833777"]
[Date "2010.9.16"]
[Round "3"]
[White "micoprego"]
[Black "josekasparov"]
[Result "0-1"]
[WhiteElo "2410"]
[BlackElo "2280"]

1. e4 c5 2. d4 cxd4 3. Nf3 Nc6 4. Nxd4 g6 5. Nc3 Bg7 6. Nxc6 bxc6 7. Bc4 Qa5 8.
Bd2 Nf6 9. Qe2 O-O 10. O-O d6 11. Nd5 Qd8 12. Nxf6+ Bxf6 13. c3 Rb8 14. Bh6 Bg7
15. Bxg7 Kxg7 16. b4 Qb6 17. Rab1 Bd7 18. Rfd1 h5 19. Rd2 Bg4 20. Qf1 a5 21.
Rdb2 Be6 22. Bxe6 fxe6 23. bxa5 Qxb2 24. Rxb2 Rxb2 25. g3 Rxa2 26. Qc4 Rxa5 27.
Qxe6 Re5 28. Qc4 Rc5 29. Qd4+ Kf7 30. f4 Rb8 31. Kg2 Rb2+ 32. Kh3 g5 33. fxg5
Rxg5 34. Qc4+ Kg7 35. Qxc6 Rc5 36. Qa6 Rd2 37. Qa7 Kf6 38. Qb8 Rc2 39. Qg8 R2xc3
40. Kg2 Rc2+ 41. Kh3 Re2 42. Qf8+ Ke6 43. Qg8+ Kd7 44. Qb3 Kc6 0-1